000 00625nam a2200217Ia 4500
005 20250508154257.0
008 008 250505s9999 xx 000 0 eng d
037 _aTextual
040 _aFEDL
_beng
_cFEDL
041 _aeng
_2eng
084 _a020, ALD
_qFEDL
100 _aAldrich Ella V
245 0 _aUsing theological books and libraries
260 _aEnglewood Cliffs, New Jersey, USA
_bPrentice - Hall
_c1963
300 _avii,119p
365 _aUSD
_b1.95
650 _aLibraries science
_9765217
700 _a Camp Thomas Edward
_9765218
942 _cTEXL
_h020, ALD
999 _c1349321
_d1349321